书目信息 |
| 题名: |
中国民族器乐的历史传承与创编
|
|
| 作者: | 田洁 著 | |
| 分册: | ||
| 出版信息: | 北京 中国书籍出版社 2018 |
|
| 页数: | 266页 | |
| 开本: | 24cm | |
| 丛书名: | 高校学术文库 | |
| 单 册: | ||
| 中图分类: | J632.09 , J648 | |
| 科图分类: | ||
| 主题词: | 民族乐器--器乐史--中国 , 民族器乐曲--音乐创作--中国 | |
| 电子资源: | ||
| ISBN: | 978-7-5068-5621-8 | |
| 000 | 01095oam2 2200277 450 | |
| 001 | 1945 | |
| 005 | 20180522153803.04 | |
| 010 | @a978-7-5068-5621-8@dCNY54.50 | |
| 100 | @a20180315d2018 em y0chiy50 ea | |
| 101 | 0 | @achi |
| 102 | @aCN@b110000 | |
| 105 | @aa z 000yy | |
| 200 | 1 | @a中国民族器乐的历史传承与创编@9zhong guo min zu qi le de li shi chuan cheng yu chuang bian@f田洁著 |
| 210 | @a北京@c中国书籍出版社@d2018 | |
| 215 | @a266页@c图@d24cm | |
| 225 | 1 | @a高校学术文库@i艺术研究论著丛刊 |
| 330 | @a本书以中国民族器乐艺术为研究对象,研究内容主要包括两个方面:一是中国民族器乐的历史传承,包括民族器乐历史发展、乐器形制、审美意蕴、演奏形式、艺术流派、创作手法等方面的艺术精华的传承;二是中国民族器乐作品的创配,包括民族器乐的创作技巧、编配技巧以及创配手法上的改革与发展等方面。 | |
| 461 | 0 | @12001 @a高校学术文库 |
| 462 | 0 | @12001 @a艺术研究论著丛刊 |
| 606 | 0 | @a民族乐器@x器乐史@y中国 |
| 606 | 0 | @a民族器乐曲@x音乐创作@y中国 |
| 690 | @aJ632.09@v5 | |
| 690 | @aJ648@v5 | |
| 701 | 0 | @a田洁@9tian jie@4著 |
| 801 | 0 | @aCN@b91MARC@c20180315 |
| 905 | @aMuseLib@dJ632.09@e126 | |
| 中国民族器乐的历史传承与创编/田洁著.-北京:中国书籍出版社,2018 |
| 266页:图;24cm.-(高校学术文库.艺术研究论著丛刊) |
| ISBN 978-7-5068-5621-8:CNY54.50 |
| 本书以中国民族器乐艺术为研究对象,研究内容主要包括两个方面:一是中国民族器乐的历史传承,包括民族器乐历史发展、乐器形制、审美意蕴、演奏形式、艺术流派、创作手法等方面的艺术精华的传承;二是中国民族器乐作品的创配,包括民族器乐的创作技巧、编配技巧以及创配手法上的改革与发展等方面。 |
| ● |
| 相关链接 |
|
|
|
|
正题名:中国民族器乐的历史传承与创编
索取号:J632.09/126
 
预约/预借
| 序号 | 登录号 | 条形码 | 馆藏地/架位号 | 状态 | 备注 |
| 1 | 1107333 | 211073336 | 第一样本阅览室/ [索取号:J632.09/126] | 在馆 | |
| 2 | 1107334 | 211073345 | 教育系资料室/ [索取号:J632.09/126] | 在馆 | |
| 3 | 1107335 | 211073354 | 教育系资料室/ [索取号:J632.09/126] | 在馆 | |
| 4 | 1107336 | 211073363 | 第一借阅区/ [索取号:J632.09/126] | 在馆 |